BIBLIOTHÈQUE DE LA MAISON DU MEXIQUE

Logo 1 Logo 2

El camino de Sante Fe (notice nᵒ 1851)

détails MARC
000 -Sello discográfico
campo de control de longitud fija 00856nam a2200301 4500
005 - Identificación de versión
campo de control 20251016083129.0
010 ## - Número Estándar Internacional de Libros (ISBN)
Número (ISBN) 968-16-4070-5
035 ## - Otros números de control del sistema
Número de control del sistema 22451
099 ## - fechas locales
Tipo de ítem Koha LIBRO
100 ## - Datos de procesamiento general
Datos de procesamiento general 19970624d1994 m y1spay5003 ba
105 ## - Campo de datos codificados: Material textual, monográfico
Datos codificados de monografía a 001ay
200 1# - Título y mención de responsabilidad
Título propio El camino de Sante Fe
Designación general del material texto impreso
Primer mención de responsabilidad Rodolfo Otero
Declaración de responsabilidad subsiguiente ilustraciones Antonio Helguera
205 ## - Declaración de edición
Declaración de edición 1a ed
210 ## - Publicación, distribución, etc.
Lugar de publicación, distribución, etc. México
Nombre del editor, distribuidor, etc. Fondo de Cultura Económica
Fecha de publicación, distribución, etc. 1994
215 ## - Descripción física
Designación de material específico y extensión del ítem 233 p
Otras características físicas il.
Dimensiones 22 cm
345 ## - Nota de información de adquisición
Fuente de adquisición/dirección de la suscripción [OBSOLETO] Donación del FCE
410 #1 - Series
Título Travesías
606 ## - Término temático usado como materia
Elemento de entrada Novela argentina
Subdivisión cronológica Siglo XX
Número Koha 1182
660 ## - Código de área geográfica
Código MX
700 ## - Nombre personal - Responsabilidad primaria
Elemento de entrada Otero
Parte del nombre distinta del elemento de entrada Rodolfo
Número Koha 4576
702 ## - Nombre personal - Responsabilidad secundaria
Elemento de entrada Helguera
Parte del nombre distinta del elemento de entrada Antonio
Número Koha 4577
900 ## -
-- 1/14265
900 ## -
-- 710973749\\240697
942 ## - ELEMENTOS DE ENTRADA SECUNDARIOS (KOHA)
Tipo de ítem Koha Livre
996 ## -
-- MEX
-- 751145101
-- MMAG
-- 005679
-- A863.4 OT87C
-- 20211228LIV
Exemplaires
Estatus retirado Estado de daño Estado de pérdida Fecha de adquisición Biblioteca de origen Biblioteca actual Ubicación en estantería Código de barras Precio de reemplazo Signatura topográfica completa No para préstamo Tipo de ítem Koha Nota pública Nota no pública
      05/08/2025 Casa México Paris Casa México Paris   005679 05/08/2025 A863.4 OT87C   Livre 20211228LIV 751145101